000 00588nam a22001817a 4500
005 20251108165419.0
008 250721s1988 xx 000 0 ara d
082 1 4 _aم/213.4/زهي
100 1 _aالشاويش، زهير
245 1 0 _aفهارس صحيح و ضعيف سنن إبن ماجه :
_bتخريج محمد ناصر الدين الألباني /
264 1 _aبيروت :
_bالمكتب الإسلامي،
_c1988.
300 _a705ص
650 1 7 _aالإسلام
650 1 7 _aالحديث الشريف
650 1 7 _aالفهارس
942 _2ddc
_cREF
999 _c27322
_d27322